000 00459pab a2200181 454500
008 180718b2008 xxu||||| |||| 00| 0 eng d
100 _aAiyar, Mani Shankar
245 _aNorth East: inclusive growth through inclusive governance
260 _c2008
300 _ap.5-10.
362 _aDec
650 _aEconomic growth - India, North East
650 _aEconomic growth
700 _aTiwari, Nupur
773 _aYojana
908 _aN
909 _a81137
999 _c81137
_d81137